|
|
|
|
| LEADER |
01442nam a2200385Ia 4500 |
| 001 |
EBC999475 |
| 003 |
MiAaPQ |
| 005 |
20200520144314.0 |
| 006 |
m o d | |
| 007 |
cr cn||||||||| |
| 008 |
120517s2012 ne sb 001 0 eng d |
| 010 |
|
|
|z 2012020410
|
| 020 |
|
|
|z 9789004231436 (hardback : alk. paper)
|
| 020 |
|
|
|a 9789004232778 (electronic bk.)
|
| 035 |
|
|
|a (MiAaPQ)EBC999475
|
| 035 |
|
|
|a (Au-PeEL)EBL999475
|
| 035 |
|
|
|a (CaPaEBR)ebr10590528
|
| 035 |
|
|
|a (CaONFJC)MIL386375
|
| 035 |
|
|
|a (OCoLC)809775310
|
| 040 |
|
|
|a MiAaPQ
|c MiAaPQ
|d MiAaPQ
|
| 050 |
|
4 |
|a HD8375
|b .L57 2012
|
| 082 |
0 |
4 |
|a 331.094
|2 23
|
| 100 |
1 |
|
|a Lis, Catharina.
|
| 245 |
1 |
0 |
|a Worthy effforts
|h [electronic resource] :
|b attitudes to work and workers in pre-industrial Europe /
|c by Catharina Lis and Hugo Soly.
|
| 260 |
|
|
|a Leiden ;
|a Boston :
|b Brill,
|c 2012.
|
| 300 |
|
|
|a xiv, 664 p.
|
| 490 |
0 |
|
|a Studies in global social history,
|x 1874-6705 ;
|v 10
|
| 504 |
|
|
|a Includes bibliographical references and index.
|
| 533 |
|
|
|a Electronic reproduction. Ann Arbor, MI : ProQuest, 2015. Available via World Wide Web. Access may be limited to ProQuest affiliated libraries.
|
| 650 |
|
0 |
|a Work
|z Europe
|x History.
|
| 650 |
|
0 |
|a Employees
|z Europe
|x History.
|
| 655 |
|
4 |
|a Electronic books.
|
| 700 |
1 |
|
|a Soly, Hugo.
|
| 710 |
2 |
|
|a ProQuest (Firm)
|
| 856 |
4 |
0 |
|u https://ebookcentral.proquest.com/lib/matrademy/detail.action?docID=999475
|z Click to View
|